000 01136nam a22003737a 4500
001 BR6001130
003 BR-BrBNA
005 20230928083049.0
007 ta
008 230509b bl.||||| |||| 00| 0 por d
040 _aBR-BrBNA
_bpor
_cBiblioteca Nacional de Agricultura
041 _a(Por)
072 _aE10; F00; L00
_b/G514
090 _ E10 BR6001130
100 1 _aNicholls, w.H.
100 1 _aPaiva, R.M.
110 1 _aInstituto Brasileiro de Economia, Rio de Janeiro, GB
_95755
245 1 _aNoventa e nove sitios e fazendas: Estrutura e produtividade da agricultura brasileira, 1963. Capitulo 2: O Vale do Itapecuru no estado do Maranhao: Caxias [Brasil]
260 3 _aRio de Janeiro, GB (Brasil):
_c1967.
300 _a164 p.
500 _a24 tables
650 _aUSO DA TERRA
650 _aMAQUINA AGRICOLA
650 _aEQUIPAMENTO AGRICOLA
650 _aPRODUTIVIDADE
650 _aCREDITO AGRICOLA
650 _aTRABALHADOR RURAL
650 _aRENDA FAMILIAR
650 _aVALE DO ITAPECURU
650 _aCAXIAS
650 _aMARANHAO
909 _a202309
_bLucia
_c55
_dLucia Elande
942 _cBK
999 _c11364
_d11364